000 00868nam a2200229Ii 4500
003 JO-AjNU
008 230605s9999||||xx |||||||||||||| ||und||
017 _a2005/9/2111
040 _aJO-AjNU
_bara
_erda
_cJO-AjNU
041 _aara
050 1 4 _aHD58.7.D76 2006
100 3 _aتأليف:الدروبي،سليمان,
_eauthor
_921904
245 0 0 _aالتحفيز عن طريق إدراك الذات
250 _aط1
264 3 1 _aعمان:دار عالم الثقافة للنشر والتوزيع؛2006
300 _a152ص
_bيحتوي على ببلوغرافية من ص 147-152ص
336 _atext
_btxt
_2rdacontent
337 _aunmediated
_bn
_2rdamedia
338 _avolume
_bnc
_2rdacarrier
490 0 _aسلسلة البرمجة الادارية وتحسين الاداء
650 4 _aالسلوك الاداري -ادارة الافراد
_921905
999 _aA7688
_c11256
_d11256